logo

Bir Sreshtho Munshi Abdur Rouf Library
Jhenaidah Cadet College

Saturn is almost invisible / (Record no. 7439)

MARC details
000 -LEADER
fixed length control field 00777cam a22002531 4500
001 - CONTROL NUMBER
JCCL Control Number 7439
003 - CONTROL NUMBER IDENTIFIER
JCCL marc code BD-JhCC
005 - DATE AND TIME OF LATEST TRANSACTION
control field 20180402085117.0
008 - FIXED-LENGTH DATA ELEMENTS--GENERAL INFORMATION
fixed length control field 770913s1967 ru a 000 0 eng
035 ## - SYSTEM CONTROL NUMBER
system control number (BD-JhCC)7439
035 ## - SYSTEM CONTROL NUMBER
system control number (OCoLC)3261340
040 ## - CATALOGING SOURCE
Original cataloging agency DLC
Transcribing agency TNJ
Modifying agency DLC
-- BD-JhCC
041 1# - LANGUAGE CODE
Language code of Book engrus
050 00 - LIBRARY OF CONGRESS CALL NUMBER
Classification number PZ3.A6757
Item number Sat
082 ## - DEWEY DECIMAL CLASSIFICATION NUMBER
Author mark and Year ADR 1967
Classification number 891.734
100 1# - MAIN ENTRY--PERSONAL NAME
Personal name Ardamatskiĭ, Vasiliĭ,
Dates associated with a name 1911-
245 10 - TITLE STATEMENT
Title Saturn is almost invisible /
Statement of responsibility, etc [by] Vasily Ardamatsky. [Translated from the Russian by Fainna Glagoleva.
260 ## - PUBLICATION, DISTRIBUTION, ETC. (IMPRINT)
Place of publication, distribution, etc Moscow,
Name of publisher, distributor, etc Progress Publishers,
Date of publication, distribution, etc 1967]
300 ## - PHYSICAL DESCRIPTION
Pagination 327 p.
Other physical details illus.
Dimensions 21 cm.
500 ## - GENERAL NOTE
General note Translation of "Saturn" pochti ne viden (romanized form).
650 ## - SUBJECT ADDED ENTRY--TOPICAL TERM
Topical term or geographic name as entry element World War (1939-1945)
942 ## - ADDED ENTRY ELEMENTS (KOHA)
Source of classification or shelving scheme Dewey Decimal Classification
Koha item type Books
Holdings
Source of classification or shelving scheme Damaged status Not for loan Home library Current library Shelving location Date of accession Total Checkouts Full call number Barcode Checked out Date last seen Date checked out Copy number Koha item type
Dewey Decimal Classification     JCC Rouf Library JCC Rouf Library General Stacks 07/27/2025 1 891.734 ADR 1967 9915 08/20/2025 07/27/2025 07/27/2025 C - 1 Books

JCC Library | Contacts | JCC Home

Last Update on 23 September 2017
Copyright @ 2017-2020 JCC Rouf Library
Rouf Library, Jhenidah Cadet College (JCC), Bangladesh